BIBLIOTHÈQUE DE LA MAISON DU MEXIQUE

Logo 1 Logo 2

Presencia de Rousseau (notice nᵒ 12367)

détails MARC
000 -Sello discográfico
campo de control de longitud fija 01227nam a2200313 4500
005 - Identificación de versión
campo de control 20251016083205.0
035 ## - Otros números de control del sistema
Número de control del sistema 6099
099 ## - fechas locales
Tipo de ítem Koha LIBRO
100 ## - Datos de procesamiento general
Datos de procesamiento general 19930801d1962 m y1spay5003 ba
105 ## - Campo de datos codificados: Material textual, monográfico
Datos codificados de monografía y 101zy
200 1# - Título y mención de responsabilidad
Título propio Presencia de Rousseau
Designación general del material texto impreso
Otra información del título a los 250 años de su nacimiento y a los dos siglos de la aparición de "Emilio" y "El Contrato Social"
Primer mención de responsabilidad Abelardo Villegas, Adolfo Sánchez Vázquez, Francisco Larroyo ... [et al.]
Declaración de responsabilidad subsiguiente prólogo de Mario de la Cueva
205 ## - Declaración de edición
Declaración de edición 1a ed
210 ## - Publicación, distribución, etc.
Lugar de publicación, distribución, etc. México
Nombre del editor, distribuidor, etc. Universidad Nacional Autónoma de México, Coordinación de Humanidades
Fecha de publicación, distribución, etc. 1962
215 ## - Descripción física
Designación de material específico y extensión del ítem 452 p
Dimensiones 23 cm
345 ## - Nota de información de adquisición
Fuente de adquisición/dirección de la suscripción [OBSOLETO] Donación
410 #1 - Series
Título Publicaciones de la Coordinación de Humanidades
600 ## - Nombre personal usado como materia
Elemento de entrada Rousseau
Parte del nombre distinta del elemento de entrada Jean-Jacques
Fechas 1712-1778
Subdivisión temática Aniversarios, etc., 1962
Número Koha 19048
660 ## - Código de área geográfica
Código MX
700 ## - Nombre personal - Responsabilidad primaria
Elemento de entrada Villegas Maldonado
Parte del nombre distinta del elemento de entrada Abelardo
Fechas 1934-2001
Número Koha 16880
701 ## - Nombre personal - Responsabilidad alternativa
Elemento de entrada Larroyo
Parte del nombre distinta del elemento de entrada Francisco
Fechas 1908-1981
Número Koha 3280
701 ## - Nombre personal - Responsabilidad alternativa
Elemento de entrada Sánchez Vázquez
Parte del nombre distinta del elemento de entrada Adolfo
Fechas 1915-2011
Número Koha 4942
702 ## - Nombre personal - Responsabilidad secundaria
Elemento de entrada Cueva
Parte del nombre distinta del elemento de entrada Mario de la
Fechas 1901-1981
Número Koha 1583
801 #0 - Fuente de origen
Agencia cm
900 ## -
-- 1/9176
900 ## -
-- 710934836\\010893
942 ## - ELEMENTOS DE ENTRADA SECUNDARIOS (KOHA)
Tipo de ítem Koha Livre
996 ## -
-- MEX
-- 751145101
-- MMAG
-- 005058
-- 194 V732P
-- 20210608LIV
Exemplaires
Estatus retirado Estado de daño Estado de pérdida Fecha de adquisición Biblioteca de origen Biblioteca actual Ubicación en estantería Código de barras Precio de reemplazo Signatura topográfica completa No para préstamo Tipo de ítem Koha Nota pública Nota no pública
      05/08/2025 Casa México Paris Casa México Paris   005058 05/08/2025 194 V732P   Livre 20210608LIV 751145101